<?xml version="1.0" encoding="UTF-8"?>
<record
    xmlns:xsi="http://www.w3.org/2001/XMLSchema-instance"
    xsi:schemaLocation="http://www.loc.gov/MARC21/slim http://www.loc.gov/standards/marcxml/schema/MARC21slim.xsd"
    xmlns="http://www.loc.gov/MARC21/slim">

  <leader>01180nam a22002777a 4500</leader>
  <controlfield tag="001">BD-DhSAU 9278</controlfield>
  <controlfield tag="003">BD-DhSAU</controlfield>
  <controlfield tag="005">20260513120618.0</controlfield>
  <controlfield tag="008">260513b2018    bg a|||| m||| 00| 0 eng d</controlfield>
  <datafield tag="040" ind1=" " ind2=" ">
    <subfield code="a">BD-DhSAU</subfield>
  </datafield>
  <datafield tag="082" ind1=" " ind2=" ">
    <subfield code="2">22</subfield>
    <subfield code="a">636.085</subfield>
    <subfield code="b">Sa992</subfield>
  </datafield>
  <datafield tag="100" ind1=" " ind2=" ">
    <subfield code="a">AMIN, SAYED BINOY</subfield>
    <subfield code="e">Registration # 18-08868</subfield>
  </datafield>
  <datafield tag="245" ind1=" " ind2=" ">
    <subfield code="a">Effects of synthetic choline and herbal choline
on growth performance, carcass 
characteristics and serum lipid profile of
broiler chickens /
 

 
</subfield>
    <subfield code="b">MS thesis </subfield>
  </datafield>
  <datafield tag="260" ind1=" " ind2=" ">
    <subfield code="a">Sher-e-Bangla Agricultural University;</subfield>
    <subfield code="b">Department of Animal nutrition, genetics and breeding ;</subfield>
    <subfield code="c">2024.</subfield>
  </datafield>
  <datafield tag="300" ind1=" " ind2=" ">
    <subfield code="a">xi, 61p. :</subfield>
    <subfield code="b">ill. ;</subfield>
    <subfield code="c">30 cm.</subfield>
  </datafield>
  <datafield tag="500" ind1=" " ind2=" ">
    <subfield code="a">MS thesis of Department of Animal nutrition, genetics and breeding ;, ;, Faculty of ASVM. Sher-e-Balgla Agricultural University Dhaka-1207</subfield>
  </datafield>
  <datafield tag="504" ind1=" " ind2=" ">
    <subfield code="a">Includes bibliographical reference. </subfield>
  </datafield>
  <datafield tag="590" ind1=" " ind2=" ">
    <subfield code="a">Nazmul</subfield>
  </datafield>
  <datafield tag="650" ind1=" " ind2=" ">
    <subfield code="a">synthetic choline </subfield>
  </datafield>
  <datafield tag="650" ind1=" " ind2=" ">
    <subfield code="a">herbal choline </subfield>
  </datafield>
  <datafield tag="651" ind1=" " ind2=" ">
    <subfield code="a">serum lipid profile of broiler chickens</subfield>
  </datafield>
  <datafield tag="700" ind1=" " ind2=" ">
    <subfield code="a">Prof. Dr. Md. Mufazzal Hossain</subfield>
    <subfield code="e">Superviser</subfield>
  </datafield>
  <datafield tag="710" ind1=" " ind2=" ">
    <subfield code="e">Co-Superviser</subfield>
    <subfield code="a"> Assist. Prof. Md. Mahfuj Ullah Patoary </subfield>
  </datafield>
  <datafield tag="942" ind1=" " ind2=" ">
    <subfield code="2">ddc</subfield>
    <subfield code="c">THESIS</subfield>
  </datafield>
  <datafield tag="999" ind1=" " ind2=" ">
    <subfield code="c">18404</subfield>
    <subfield code="d">18403</subfield>
  </datafield>
  <datafield tag="952" ind1=" " ind2=" ">
    <subfield code="0">0</subfield>
    <subfield code="1">0</subfield>
    <subfield code="2">ddc</subfield>
    <subfield code="4">0</subfield>
    <subfield code="7">1</subfield>
    <subfield code="8">REF</subfield>
    <subfield code="a">BD-DhSAU</subfield>
    <subfield code="b">BD-DhSAU</subfield>
    <subfield code="d">2026-05-13</subfield>
    <subfield code="l">0</subfield>
    <subfield code="o">636.085 Sa992</subfield>
    <subfield code="p">46284</subfield>
    <subfield code="r">2026-05-13 12:06:29</subfield>
    <subfield code="w">2026-05-13</subfield>
    <subfield code="y">THESIS</subfield>
  </datafield>
</record>
